|
|
|
|
| LEADER |
01092nam a2200289 a 4500 |
| 001 |
447 |
| 003 |
BD-DhAAL |
| 005 |
20150303112554.0 |
| 008 |
150303s1994 dcua b i000 0 eng |
| 010 |
|
|
|a 94016613
|
| 020 |
|
|
|a 0821328492
|
| 040 |
|
|
|a DLC
|c DLC
|d DLC
|d BD-DhAAL
|
| 050 |
0 |
0 |
|a HB1050.6.A3
|b D48 1994
|
| 082 |
0 |
0 |
|a 304.6/32/095492
|2 20
|
| 245 |
0 |
4 |
|a The Determinants of reproductive change in Bangladesh :
|b success in a challenging environment /
|c John Cleland ... [et al.].
|
| 260 |
|
|
|a Washington, D.C. :
|b The World Bank,
|c 1994.
|
| 300 |
|
|
|a xii, 187 p. :
|b ill. ;
|c 24 cm.
|
| 440 |
|
0 |
|a s
|9 8965
|
| 490 |
|
|
|a World Bank regional and sectoral studie
|
| 504 |
|
|
|a Includes bibliographical references (p. 168-187).
|
| 541 |
|
|
|e 447
|
| 650 |
|
0 |
|a Fertility, Human
|z Bangladesh.
|9 8966
|
| 650 |
|
0 |
|a Birth control
|z Bangladesh.
|9 8967
|
| 700 |
1 |
|
|a Cleland, J. G.
|q (John G.)
|9 8968
|
| 942 |
|
|
|2 ddc
|c BK
|
| 999 |
|
|
|c 33855
|d 33855
|
| 952 |
|
|
|0 0
|1 0
|2 ddc
|4 0
|6 304_632095492000000_DET
|7 0
|9 52850
|a SCL
|b SCL
|c GEN
|d 2015-03-03
|g 275.00
|l 0
|o 304.632095492 DET
|p 3020000447
|r 2015-03-03
|t 1
|w 2015-03-03
|y BK
|